000 00754cam a2200217 a 4500
001 000005620
005 20200929151726.0
008 720502k19421950sp 000 f spa d
040 _aDO-SdBNP
_bspa
_cBNPHU
082 _a863.3
_bA367G
100 1 _aAlemán, Mateo,
_d1547-1615.
_93964
245 1 0 _aGuzmán de Alfarache /
_cMateo Alemán ; edición y notas Samuel Gili y Gaya.
260 _aMadrid :
_bEspasa-Calpe,
_c1942.
300 _a5 v. ;
_c19 cm.
490 1 _aClásicos castellanos
_v73, 83, 90, 93, 114
650 4 _aLiteratura picaresca
_91124
650 4 _aNovela española
_y1500-1700
_93965
650 4 _aLiteratura española
_9632
700 1 _aGili y Gaya, Samuel,
_eed.
_915868
830 0 _aClásicos castellanos ;
_v73, 83, 90, 93, 114
_94180
999 _c5419
_d5419